Rzeczowniki zaczynające się na ST- - Statystyki

Ogólne statystyki
  • Ten quiz został rozwiązany 37 razy
  • Średni wynik to 33 z 73
Statystyki odpowiedzi
Odpowiedź % Poprawnych
stal
93%
stan
89%
stop
89%
stół
86%
stok
82%
staw
79%
ster
79%
stonoga
75%
strzał
75%
stopa
71%
strach
71%
strona
68%
stajnia
64%
start
64%
studnia
64%
stwór
64%
stodoła
61%
stolica
61%
stos
57%
styl
57%
stypa
57%
stado
54%
starość
54%
statek
54%
stoper
54%
stopień
54%
strych
54%
studio
54%
stomatolog
50%
stacja
46%
stokrotka
46%
strażak
46%
strop
46%
strzelba
46%
styczeń
46%
standard
43%
sterta
43%
stocznia
43%
strumień
43%
stwórca
43%
stragan
39%
strajk
39%
stróż
39%
strzęp
39%
student
39%
stanowisko
36%
starosta
36%
stołek
36%
strofa
36%
strzykawka
36%
stelaż
32%
stojak
32%
strój
32%
strzelec
32%
styropian
32%
starzec
29%
stoisko
29%
strzyżenie
29%
stabilność
25%
statuetka
25%
stolarz
25%
stowarzyszenie
21%
stłuczka
18%
stypendium
18%
stereotyp
14%
streszczenie
14%
struktura
14%
stalker
11%
stosunek
11%
starożytność
7%
status
7%
stewardessa
4%
strugaczka
4%
Nie znaleziono quizów pasujących do podanych kryteriów
Rozkład punktacji
Procent ludzi z każdym wynikiem
Percentyl według liczby udzielonych odpowiedzi
Twoja historia wyników
Nie rozwiązałeś tego quizu